Flughafen Codes Quiz - Statistiken

Allgemein
  • Dieses Quiz wurde 11.238 mal gespielt
  • Das Durchschnittsergebnis liegt bei 18 aus 32
Antwortstatistiken
Code City % Korrekt
BER Berlin
98%
AMS Amsterdam
95%
MAD Madrid
92%
SYD Sydney
91%
JFK New York
90%
DUB Dublin
85%
LAX Los Angeles
85%
VIE Wien
83%
FRA Frankfurt am Main
82%
LHR London
80%
PEK Peking
80%
CDG Paris
75%
MAN Manchester
64%
CPH Kopenhagen
60%
CAI Kairo
55%
FCO Rom
51%
BKK Bangkok
49%
NRT Tokio
48%
CPT Kapstadt
45%
MNL Manila
42%
DME Moskau
38%
PER Perth
36%
ARN Stockholm
35%
YYZ Toronto
34%
PMI Palma de Mallorca
32%
BOM Mumbai
31%
AKL Auckland
29%
HNL Honolulu
28%
NBO Nairobi
26%
GIG Rio de Janeiro
25%
SGN Ho-Chi-Minh-Stadt
23%
BHX Birmingham
17%
Keine übereinstimmenden Quizze gefunden
Verteilung der Resultate
Anzahl Personen mit jedem Resultat
Perzentil nach korrekt beantworteten Fragen
Ihre Resultats-Entwicklung
Sie haben dieses Quiz noch nicht gespielt